[Event "XIII Mitropa Cup"]
[Site "Leibnitz AUT"]
[Date "1990.09.??"]
[Round "1.1"]
[White "Groszpeter, Attila"]
[Black "Arlandi, Ennio"]
[Result "0-1"]
[WhiteElo "2555"]
[BlackElo "2400"]
[Annotator "ITA-HUN"]
[PlyCount "64"]
[EventDate "1990.09.09"]

1. d4 d5 2. c4 e6 3. Nc3 Be7 4. Nf3 Nf6 5. Bg5 O-O 6. e3 h6 7. Bxf6 Bxf6 8. Qd2
dxc4 9. Bxc4 c5 10. O-O cxd4 11. exd4 Nd7 12. Rad1 Nb6 13. Bb3 Bd7 14. Ne5 Rc8
15. f4 Bc6 16. Qe2 Bd5 17. Nxd5 exd5 18. Rd3 Nc4 19. Kh1 b5 20. Rh3 Rc7 21. Bc2
Qc8 22. Qd3 g6 23. Nxg6 fxg6 24. Qxg6+ Rg7 25. Qxh6 Nd6 26. Bh7+ Kf7 27. Qh5+
Ke7 28. Qxd5 Qe6 29. Qc5 Qe2 30. Qc7+ Ke6 31. d5+ Kxd5 32. Be4+ Nxe4 0-1

[Event "XIII Mitropa Cup"]
[Site "Leibnitz AUT"]
[Date "1990.09.??"]
[Round "1.4"]
[White "Lanzani, Mario"]
[Black "Horvath, Csaba"]
[Result "1/2-1/2"]
[WhiteElo "2345"]
[BlackElo "2480"]
[Annotator "ITA-HUN"]
[PlyCount "62"]
[EventDate "1990.09.09"]

1. d4 d5 2. c4 c6 3. Nf3 Nf6 4. Nc3 dxc4 5. e4 b5 6. e5 Nd5 7. a4 e6 8. axb5
Nxc3 9. bxc3 cxb5 10. Ng5 Bb7 11. Qh5 g6 12. Qg4 Be7 13. h4 h5 14. Qf4 Bxg5 15.
hxg5 Nc6 16. Rh4 Rg8 17. g4 hxg4 18. Rh7 Rf8 19. Bg2 a5 20. Be4 b4 21. Bxg6
fxg6 22. Qe4 Ne7 23. Qxb7 Rf7 24. Qb5+ Kf8 25. Rh8+ Ng8 26. Qxc4 Qc8 27. Rxa5
Kg7 28. Qxc8 Rxc8 29. Rh4 Rxc3 30. Bd2 Rc4 31. Rb5 Rxd4 1/2-1/2

[Event "XIII Mitropa Cup"]
[Site "Leibnitz AUT"]
[Date "1990.09.??"]
[Round "2.2"]
[White "Cvetkovic, Srdjan"]
[Black "Sarno, Spartaco"]
[Result "1-0"]
[WhiteElo "2430"]
[BlackElo "2385"]
[Annotator "ITA-YUG"]
[PlyCount "101"]
[EventDate "1990.09.09"]

1. c4 Nf6 2. Nc3 d5 3. cxd5 Nxd5 4. g3 Nc6 5. Bg2 Nb6 6. Nf3 e5 7. O-O Be7 8.
a3 O-O 9. b4 Be6 10. Rb1 f6 11. d3 Nd5 12. Bb2 a5 13. Nxd5 Bxd5 14. b5 Nd4 15.
Nxd4 exd4 16. Bxd5+ Qxd5 17. Qa4 Bc5 18. Rfc1 Bb6 19. Qc4 Rad8 20. a4 Rfe8 21.
Kf1 Re6 22. Qxd5 Rxd5 23. Rc4 Kf7 24. Rbc1 Ke8 25. Ba3 Ree5 26. f4 Re6 27. Bc5
Bxc5 28. Rxc5 Rxc5 29. Rxc5 Kd7 30. Kf2 g6 31. f5 gxf5 32. Rd5+ Rd6 33. Rxf5
Ke6 34. Rc5 Rd7 35. Kf3 Kd6 36. Rf5 Ke6 37. Rh5 Re7 38. g4 Rg7 39. h3 Re7 40.
Rf5 b6 41. Ke4 Kf7+ 42. Kxd4 Rxe2 43. g5 Rh2 44. Rxf6+ Kg7 45. Kd5 Rxh3 46. Kc6
Rxd3 47. Kxc7 Rd4 48. Kxb6 Rxa4 49. Ka7 Rg4 50. Ra6 Rxg5 51. b6 1-0

[Event "XIII Mitropa Cup"]
[Site "Leibnitz AUT"]
[Date "1990.09.??"]
[Round "5.2"]
[White "Schlosser, Michael"]
[Black "Sarno, Spartaco"]
[Result "0-1"]
[WhiteElo "2360"]
[BlackElo "2385"]
[Annotator "ITA-AUT"]
[PlyCount "133"]
[EventDate "1990.09.09"]

1. e4 e5 2. Nf3 Nf6 3. Nxe5 d6 4. Nf3 Nxe4 5. d4 d5 6. Bd3 Bd6 7. O-O O-O 8. c4
c6 9. Nc3 Nxc3 10. bxc3 Bg4 11. h3 Bh5 12. cxd5 cxd5 13. Rb1 Nd7 14. Rb5 Nb6
15. c4 Bxf3 16. Qxf3 dxc4 17. Bc2 Qd7 18. a4 Rae8 19. Bd2 Qc6 20. d5 Qc7 21.
Rfb1 Rb8 22. Bc3 Nd7 23. Bxg7 Kxg7 24. Qg4+ Kh8 25. Qf5 Nf6 26. Qxf6+ Kg8 27.
g3 b6 28. Qg5+ Kh8 29. Qf6+ Kg8 30. a5 Bc5 31. Qg5+ Kh8 32. Qf6+ Kg8 33. Rxc5
bxc5 34. Qg5+ Kh8 35. Qf6+ Kg8 36. d6 Rxb1+ 37. Bxb1 Qd8 38. Qf5 Kg7 39. Qxh7+
Kf6 40. Qf5+ Kg7 41. Qh7+ Kf6 42. Qh6+ Ke5 43. Qf4+ Kd5 44. Be4+ Kd4 45. Bf3+
Kc3 46. a6 Qd7 47. Qf6+ Kb4 48. Bg4 Qd8 49. Qb2+ Ka5 50. Qd2+ Kxa6 51. Be2 Qf6
52. Qd5 Kb6 53. Bf3 Qd4 54. Qb7+ Ka5 55. Bc6 a6 56. Qc7+ Kb4 57. Qb6+ Kc3 58.
d7 Kd2 59. Qa5+ c3 60. Ba4 Ke1 61. Bc6 Qxf2+ 62. Kh1 Qd4 63. Qa2 a5 64. Qxa5
Kf2 65. Kh2 c2 66. Qa2 Qd3 67. Bg2 0-1

[Event "XIII Mitropa Cup"]
[Site "Leibnitz AUT"]
[Date "1990.09.??"]
[Round "5.3"]
[White "Belotti, Bruno"]
[Black "Herndl, Harald R."]
[Result "1-0"]
[WhiteElo "2435"]
[BlackElo "2285"]
[Annotator "ITA-AUT"]
[PlyCount "61"]
[EventDate "1990.09.09"]

1. e4 Nf6 2. e5 Nd5 3. d4 d6 4. Nf3 Bg4 5. Be2 c6 6. Ng5 Bf5 7. e6 fxe6 8. g4
Bg6 9. Bd3 Bxd3 10. Qxd3 g6 11. h4 Nf6 12. Nxe6 Qd7 13. Qe2 Na6 14. h5 Nc7 15.
Nxc7+ Qxc7 16. hxg6 Bg7 17. g5 Qa5+ 18. Bd2 Qd5 19. Rh4 Nd7 20. gxh7 c5 21. Nc3
Qf5 22. O-O-O cxd4 23. Nb5 Qc5 24. Qh5+ Kd8 25. Nxd4 Qd5 26. Nb3 Qf5 27. g6
Qxf2 28. Rf4 Qg2 29. Rf7 Bf6 30. Qh6 Rc8 31. g7 1-0

[Event "XIII Mitropa Cup"]
[Site "Leibnitz AUT"]
[Date "1990.09.??"]
[Round "6.1"]
[White "Hertneck, Gerald"]
[Black "Arlandi, Ennio"]
[Result "1-0"]
[WhiteElo "2520"]
[BlackElo "2400"]
[Annotator "ITA-GER"]
[PlyCount "47"]
[EventDate "1990.09.09"]

1. c4 e6 2. Nf3 d5 3. b3 Nf6 4. g3 Be7 5. Bg2 O-O 6. O-O b6 7. Bb2 Bb7 8. cxd5
Nxd5 9. d4 Nd7 10. Re1 c5 11. e4 N5f6 12. Nc3 a6 13. d5 exd5 14. e5 Ne8 15.
Nxd5 Nc7 16. Nxe7+ Qxe7 17. Qd6 Nd5 18. Nh4 Rab8 19. Bxd5 Qxd6 20. exd6 Bxd5
21. Nf5 Be6 22. Nxg7 Bg4 23. Re7 Rbd8 24. f3 1-0

[Event "XIII Mitropa Cup"]
[Site "Leibnitz AUT"]
[Date "1990.09.??"]
[Round "6.2"]
[White "Belotti, Bruno"]
[Black "Reeh, Oliver"]
[Result "1/2-1/2"]
[WhiteElo "2435"]
[BlackElo "2465"]
[Annotator "ITA-GER"]
[PlyCount "83"]
[EventDate "1990.09.09"]

1. e4 d6 2. d4 g6 3. Nc3 Bg7 4. Bg5 c5 5. d5 Nd7 6. Nf3 Ngf6 7. Be2 O-O 8. O-O
a6 9. a4 b6 10. h3 Rb8 11. Re1 Ne8 12. Qd2 Nc7 13. Bh6 Nf6 14. Rad1 Bb7 15. Bc4
b5 16. axb5 axb5 17. Nxb5 Nxb5 18. Bxb5 Bxd5 19. exd5 Rxb5 20. b3 Rb4 21. Bxg7
Kxg7 22. Re3 Re8 23. Rde1 Qd7 24. c4 Rb7 25. Qb2 Kg8 26. Nd2 h5 27. Rf3 Rbb8
28. Kh2 Qb7 29. Qc1 Kg7 30. Qb2 Kg8 31. Qc1 Kg7 32. Ne4 Nxe4 33. Rxe4 Rf8 34.
Rfe3 Rbe8 35. Qe1 Kg8 36. f4 e5 37. dxe6 f5 38. e7 fxe4 39. exf8=Q+ Kxf8 40.
Qd1 Qe7 41. Qd5 Kg7 42. Kg3 1/2-1/2

[Event "XIII Mitropa Cup"]
[Site "Leibnitz AUT"]
[Date "1990.09.??"]
[Round "6.3"]
[White "Schlosser, Philipp"]
[Black "Bellia, Fabrizio"]
[Result "1-0"]
[WhiteElo "2455"]
[BlackElo "2295"]
[Annotator "ITA-GER"]
[PlyCount "55"]
[EventDate "1990.09.09"]

1. c4 Nf6 2. g3 g6 3. Bg2 Bg7 4. Nc3 O-O 5. e4 d6 6. Nge2 c5 7. O-O Nc6 8. d3
Nd4 9. Rb1 e5 10. h3 a6 11. f4 Rb8 12. f5 gxf5 13. Bg5 h6 14. Bh4 Qe8 15. Bxf6
Bxf6 16. Nd5 Bd8 17. Nxd4 cxd4 18. exf5 f6 19. Qd2 Kh7 20. Rbe1 Qa4 21. Re4 Rg8
22. Rh4 Rg5 23. Rxh6+ Kxh6 24. h4 Qe8 25. hxg5+ fxg5 26. Be4 Qf7 27. f6 Bh3 28.
Rf2 1-0

[Event "XIII Mitropa Cup"]
[Site "Leibnitz AUT"]
[Date "1990.09.??"]
[Round "7.3"]
[White "Belotti, Bruno"]
[Black "Menghi, Carlo"]
[Result "1-0"]
[WhiteElo "2435"]
[BlackElo "2275"]
[Annotator "ITA-LUX"]
[PlyCount "107"]
[EventDate "1990.09.09"]

1. e4 c6 2. d4 d5 3. Nc3 dxe4 4. Nxe4 Bf5 5. Ng3 Bg6 6. Nf3 Nd7 7. h4 h6 8. h5
Bh7 9. Bd3 Bxd3 10. Qxd3 Qc7 11. Bd2 Ngf6 12. O-O-O e6 13. Ne4 O-O-O 14. g3
Nxe4 15. Qxe4 Nf6 16. Qe2 c5 17. Bf4 Bd6 18. Bxd6 Rxd6 19. dxc5 Rxd1+ 20. Rxd1
Nxh5 21. Ne5 Nf6 22. c6 bxc6 23. Qa6+ Qb7 24. Qxb7+ Kxb7 25. Nxf7 Rg8 26. Nd8+
Kb6 27. Nxe6 Ne4 28. Rd4 Nc5 29. Nxc5 Kxc5 30. Rd7 a5 31. Rf7 g5 32. Rf6 Rh8
33. Kd2 Kb6 34. Rg6 Rf8 35. Ke2 Re8+ 36. Kf3 Rf8+ 37. Ke2 Re8+ 38. Kf3 Rf8+ 39.
Kg2 Rd8 40. Rxh6 Rd2 41. Rg6 Rxc2 42. Rxg5 Rxb2 43. Re5 Rxa2 44. g4 Rd2 45. g5
a4 46. Re1 a3 47. Kg3 a2 48. f4 Rb2 49. Ra1 c5 50. g6 c4 51. g7 Rb3+ 52. Kg4
Rb1 53. g8=Q Rxa1 54. Qe6+ 1-0